00660nam a22001932a 450000100060000000300080000600500170001400800410003103500190007204000270009104100130011808200210013110000410015224500730019326000310026630000220029750001340031965000130045314226BD RJUL20211208235607.0140205s1978 enk 000 0 eng d a BD RJUL 14278 aDLCcPBBdBD RJULbeng1 aenghfre a294.3bDAB 19781 aDavid-Néel, Alexandra,d1868-1969.10aBuddhism, its doctrines and its methods /c[by] Alexandra David-Neel aLondon :bJohn Lane,c1978 a299 p. :c19 cm . a"The authorized English translation, by H. N. M. Hardy and Bernard Miall, of ... Le bouddhisme, ses doctrines et ses méthodes." 0aBuddhism